| Tag |
First Indicator |
Second Indicator |
Subfields |
| LEADER |
00000cam a2200000 i 4500 |
| 001 |
in00000321521 |
| 005 |
20151010164258.0 |
| 008 |
751006s1973 xxua b 10010 eng d |
| 035 |
|
|
|a (OCoLC)01680112
|
| 035 |
|
|
|9 ABJ8104AM
|
| 040 |
|
|
|a OSU
|c OSU
|d TXA
|d UtOrBLW
|
| 049 |
|
|
|a TXAM
|c [1324676]
|
| 090 |
|
|
|a TK2896
|b .I55 1973 Suppl.
|
| 111 |
2 |
|
|a Intersociety Energy Conversion Engineering Conference
|n (8th :
|d 1973 :
|c University of Pennsyvania)
|
| 245 |
1 |
0 |
|a 8th Intersociety Energy Conversion Engineering Conference proceeding : addendum /
|c University of Pennsylvania, Philadelphia, Pa., August 13-16, 1973.
|
| 264 |
|
1 |
|a [Place of publication not identified] :
|b [publisher not identified],
|c [1973?]
|
| 300 |
|
|
|a 184 pages :
|b illustrations ;
|c 28 cm.
|
| 336 |
|
|
|a text
|b txt
|2 rdacontent
|
| 337 |
|
|
|a unmediated
|b n
|2 rdamedia
|
| 338 |
|
|
|a volume
|b nc
|2 rdacarrier
|
| 504 |
|
|
|a Includes bibliographical references.
|
| 650 |
|
0 |
|a Direct energy conversion
|v Congresses.
|
| 650 |
|
0 |
|a Power resources
|v Congresses.
|
| 650 |
|
0 |
|a Power (Mechanics)
|v Congresses.
|
| 740 |
0 |
|
|a Proceedings : addendum.
|
| 999 |
|
|
|a MARS
|
| 999 |
f |
f |
|s 6473ff49-63b8-37d0-8588-b13cb727cd7d
|i 14789c7d-9f70-3bb3-b4ba-3426fa184970
|t 0
|
| 952 |
f |
f |
|p ric
|a Texas A&M University
|b Rellis Campus
|c Joint Library Facility
|d Remote Storage
|t 0
|e TK2896 .I55 1973 Suppl.
|h Library of Congress classification
|i unmediated -- volume
|m A14805471237
|
| 998 |
f |
f |
|a TK2896 .I55 1973 Suppl.
|t 0
|l Remote Storage
|